[Event "Nova Gorica op 28th"]
[Site "Nova Gorica"]
[Date "2024.02.02"]
[Round "9"]
[White "Garsky, Vladyslav"]
[Black "Racnik, Tone"]
[Result "1-0"]
[WhiteElo "2186"]
[BlackElo "1849"]
[PlyCount "85"]
[EventDate "2024.01.26"]
[EventType "swiss"]
[EventRounds "9"]
[EventCountry "SLO"]
[SourceTitle "CB06_2024"]
[SourceDate "2024.02.07"]
[SourceVersion "1"]
[SourceVersionDate "2024.02.07"]
[SourceQuality "1"]

1. e4 d6 2. d4 Nf6 3. Nc3 g6 4. f4 Bg7 5. Nf3 0-0 6. Bd3 Nc6 7. e5 dxe5 8. fxe5 Nh5 9. Be3 f6 10. exf6 exf6 11. Qd2 Bg4 12. 0-0-0 Bxf3 13. gxf3 f5 14. Bc4+ Kh8 15. Ne2 f4 16. Bf2 Qd6 17. Nc3 Qb4 18. Qd3 Rad8 19. Nd5 Qd6 20. Bh4 Rde8 21. c3 Na5 22. a3 c6 23. Nb4 Re3 24. Qf1 Nxc4 25. Qxc4 Rxf3 26. Nc2 Rh3 27. Bf2 f3 28. Qc5 Qb8 29. d5 cxd5 30. Nd4 Qf4+ 31. Kb1 Qe4+ 32. Ka1 Nf4 33. Qxa7 Ne2 34. Qxb7 Nxd4 35. Bxd4 Bxd4 36. Rxd4 Qe2 37. Qd7 Rh5 38. Qd6 Re8 39. Rf4 d4 40. Rf8+ Kg7 41. Qf6+ Kh6 42. Qf4+ Rg5 43. h4 1-0

[Event "Nova Gorica op 28th"]
[Site "Nova Gorica"]
[Date "2024.02.01"]
[Round "8"]
[White "Cortese, Lina"]
[Black "Racnik, Tone"]
[Result "0-1"]
[WhiteElo "1582"]
[BlackElo "1849"]
[PlyCount "108"]
[EventDate "2024.01.26"]
[EventType "swiss"]
[EventRounds "9"]
[EventCountry "SLO"]
[SourceTitle "CB06_2024"]
[SourceDate "2024.02.07"]
[SourceVersion "1"]
[SourceVersionDate "2024.02.07"]
[SourceQuality "1"]

1. c4 Nf6 2. Nc3 g6 3. g3 Bg7 4. Bg2 0-0 5. d4 c6 6. e4 d6 7. Nf3 Nbd7 8. 0-0 c5 9. dxc5 Nxc5 10. Qc2 Be6 11. b4 Ncxe4 12. Nxe4 Nxe4 13. Rb1 Nc3 14. Rb3 Bxc4 15. Rxc3 Bxf1 16. Kxf1 Bxc3 17. Qxc3 Rc8 18. Qb2 Qc7 19. Bh6 Qc3 20. Qxc3 Rxc3 21. Bxf8 Kxf8 22. Ne1 b6 23. Bd5 e6 24. Bb3 d5 25. Ke2 Ke7 26. Kd2 d4 27. f4 f6 28. Nd3 h5 29. b5 Kd6 30. Ke2 e5 31. fxe5+ fxe5 32. Kd2 g5 33. Nf2 Re3 34. Bc2 Kd5 35. Bg6 h4 36. gxh4 gxh4 37. h3 Kc5 38. Bd3 Kb4 39. Bf1 Ka3 40. Bc4 Rg3 41. Bd5 Re3 42. Be6 Kb4 43. Bd7 Kc5 44. Nd3+ Kd6 45. Bg4 e4 46. Nb4 Kc5 47. Nc2 Rg3 48. Bd7 Rg2+ 49. Kd1 d3 50. Ne3 Rxa2 51. Nf5 Kb4 52. Ne3 Kc3 53. Nd5+ Kd4 54. Nf4 Ra1+ 0-1

[Event "Nova Gorica op 28th"]
[Site "Nova Gorica"]
[Date "2024.01.28"]
[Round "4"]
[White "Cokan, Mirko"]
[Black "Racnik, Tone"]
[Result "0-1"]
[WhiteElo "1614"]
[BlackElo "1849"]
[PlyCount "94"]
[EventDate "2024.01.26"]
[EventType "swiss"]
[EventRounds "9"]
[EventCountry "SLO"]
[SourceTitle "CB06_2024"]
[SourceDate "2024.02.07"]
[SourceVersion "1"]
[SourceVersionDate "2024.02.07"]
[SourceQuality "1"]

1. e4 d6 2. c4 Nf6 3. Nc3 c5 4. Nf3 Nc6 5. Be2 g6 6. 0-0 Bg7 7. Rb1 0-0 8. d3 a6 9. h3 Rb8 10. Bd2 b5 11. b3 b4 12. Nd5 e6 13. Nxf6+ Bxf6 14. Qc1 Bh8 15. h4 a5 16. Bh6 Re8 17. h5 Bd7 18. hxg6 hxg6 19. g3 Nd4 20. Nxd4 Bxd4 21. Kg2 a4 22. Bd1 axb3 23. Bxb3 Bc6 24. Be3 Bh8 25. Rh1 f5 26. f3 Rb7 27. Rh3 Qf6 28. Qh1 Bg7 29. Bc1 Qd4 30. Qf1 fxe4 31. Bb2 exf3+ 32. Kh2 Qe3 33. Bxg7 Rxg7 34. Rb2 Ree7 35. Qf2 Qg5 36. Bd1 Rh7 37. Bxf3 Rxh3+ 38. Kxh3 Rf7 39. Bxc6 Rxf2 40. Rxf2 Qe3 41. Rf3 Qe2 42. Be4 Kg7 43. Rf4 Qxa2 44. Rg4 b3 45. d4 b2 46. Bxg6 Kf6 47. Bc2 b1Q 0-1

[Event "Nova Gorica op 28th"]
[Site "Nova Gorica"]
[Date "2024.01.27"]
[Round "3"]
[White "Racnik, Tone"]
[Black "Mihelj, Edvard Danijel"]
[Result "0-1"]
[WhiteElo "1849"]
[BlackElo "1618"]
[PlyCount "86"]
[EventDate "2024.01.26"]
[EventType "swiss"]
[EventRounds "9"]
[EventCountry "SLO"]
[SourceTitle "CB06_2024"]
[SourceDate "2024.02.07"]
[SourceVersion "1"]
[SourceVersionDate "2024.02.07"]
[SourceQuality "1"]

1. e4 e5 2. Nf3 d6 3. Bc4 h6 4. c3 Nf6 5. d3 a6 6. Nbd2 Be7 7. Nf1 Nc6 8. Bb3 b5 9. Ng3 Na5 10. Bc2 c6 11. 0-0 Nh7 12. b4 Nb7 13. d4 Bg4 14. dxe5 Bxf3 15. Qxf3 dxe5 16. Bb3 0-0 17. Nf5 Bg5 18. Qg3 Qf6 19. h4 Bxc1 20. Raxc1 Nd6 21. Rce1 Rae8 22. f4 Nxf5 23. exf5 e4 24. Qh3 Re7 25. Re3 Qd6 26. g4 Kh8 27. g5 h5 28. Qg3 Rfe8 29. Rfe1 c5 30. Bd1 g6 31. f6 Rd7 32. a3 c4 33. Bf3 Qb6 34. Qf2 Red8 35. Rxe4 Qb8 36. Qe2 Nf8 37. Re8 Qxf4 38. Rxd8 Rxd8 39. Qe7 Qg3+ 40. Bg2 Ne6 41. Rf1 Kg8 42. Qa7 Nf4 43. Qf2 Nh3+ 0-1

[Event "Nova Gorica op 27th"]
[Site "Nova Gorica"]
[Date "2023.03.19"]
[Round "4"]
[White "Racnik, Tone"]
[Black "Djuric, Stefan"]
[Result "1/2-1/2"]
[WhiteElo "1877"]
[BlackElo "2256"]
[PlyCount "109"]
[EventDate "2023.03.16"]
[EventType "swiss"]
[EventRounds "9"]
[EventCountry "SLO"]
[SourceTitle "CBM 213 Extra"]
[Source "ChessBase"]
[SourceDate "2023.05.31"]
[SourceVersion "1"]
[SourceVersionDate "2023.05.31"]
[SourceQuality "1"]

1. e4 g6 2. d4 Bg7 3. Nc3 d6 4. Be3 a6 5. Nge2 Nf6 6. f3 0-0 7. Qd2 e5 8. g4 Nc6 9. d5 Na5 10. Ng3 b5 11. h4 Bxg4 12. fxg4 Nxg4 13. Nd1 c5 14. h5 Nxe3 15. Nxe3 Qg5 16. Nef5 Qxd2+ 17. Kxd2 gxf5 18. Nxf5 Bf6 19. Nxd6 Bg5+ 20. Ke1 Rfd8 21. Nf5 h6 22. Rh3 c4 23. a4 b4 24. Be2 Kh8 25. Kf2 Rac8 26. Rb1 b3 27. c3 Nb7 28. Kf3 a5 29. Rg3 Rc7 30. Ra1 Kh7 31. Rb1 Nc5 32. Ra1 Nd7 33. Ne3 Rdc8 34. Nf5 Rb8 35. Ne3 Nb6 36. Nf5 Rg8 37. Nd6 Rd8 38. Nf5 Rf8 39. Bf1 Rd7 40. Bh3 Rdd8 41. Rxg5 hxg5 42. Ne3 g4+ 43. Bxg4 Rg8 44. Bf5+ Kh8 45. Ng4 f6 46. Nxf6 Rg5 47. Ng4 Rxd5 48. exd5 Rxf5+ 49. Kg3 Nxd5 50. Re1 Rxh5 51. Rxe5 Rxe5 52. Nxe5 Nxc3 53. Nxc4 Nxa4 54. Nxa5 Nxb2 55. Nxb3 1/2-1/2

[Event "Ljubljana-chT 75th"]
[Site "Ljubljana"]
[Date "2023.02.23"]
[Round "5.3"]
[White "Racnik, Tone"]
[Black "Smirnov, Maksim"]
[Result "1-0"]
[WhiteElo "1877"]
[BlackElo "1405"]
[PlyCount "95"]
[EventDate "2023.01.12"]
[EventType "team-swiss"]
[EventRounds "9"]
[EventCountry "SLO"]
[SourceTitle "EXT 2024"]
[Source "ChessBase"]
[SourceDate "2023.10.10"]
[SourceVersion "1"]
[SourceVersionDate "2023.10.10"]
[SourceQuality "1"]
[WhiteTeam "Vrhnika"]
[BlackTeam "Kranj Tomo Zupan"]
[WhiteTeamCountry "SLO"]
[BlackTeamCountry "SLO"]

1. e4 c6 2. d4 d5 3. e5 Bf5 4. Ne2 e6 5. Ng3 Bg6 6. h4 h6 7. Bd3 Bxd3 8. Qxd3 Nd7 9. Nd2 c5 10. c3 Ne7 11. Nf3 Nc6 12. a3 Be7 13. Nh5 Bf8 14. b4 b6 15. Rh3 Qe7 16. Be3 c4 17. Qc2 a5 18. b5 Na7 19. a4 0-0-0 20. g4 f6 21. Nf4 Qf7 22. Ng6 Rg8 23. Ke2 Kb7 24. g5 h5 25. Nf4 fxe5 26. g6 Qf5 27. Qxf5 exf5 28. dxe5 Re8 29. Rd1 Nxe5 30. Rxd5 Ng4 31. Rxf5 Bc5 32. Rf7+ Kb8 33. Nd2 Nc8 34. Nxh5 Ne7 35. Nxg7 Nxg6 36. Nxe8 Rxe8 37. h5 N6e5 38. Rf4 Nxe3 39. fxe3 Nd3 40. Rf5 Kc7 41. Nxc4 Nc1+ 42. Kd2 Na2 43. h6 Rg8 44. h7 Rg2+ 45. Ke1 Nxc3 46. h8Q Be7 47. Qe5+ Kd7 48. Rh7 1-0

[Event "SLO-chT 31st"]
[Site "Ljubljana"]
[Date "2021.09.25"]
[Round "8.2"]
[White "Racnik, Tone"]
[Black "Jelen, Miha"]
[Result "0-1"]
[WhiteElo "1944"]
[BlackElo "1857"]
[PlyCount "48"]
[EventDate "2021.09.10"]
[EventType "team-tourn"]
[EventRounds "9"]
[EventCountry "SLO"]
[SourceTitle "CBM 204 Extra"]
[Source "ChessBase"]
[SourceDate "2021.11.30"]
[SourceVersion "1"]
[SourceVersionDate "2021.11.30"]
[SourceQuality "1"]
[WhiteTeam "Vrhnika"]
[BlackTeam "Ig"]
[WhiteTeamCountry "SLO"]
[BlackTeamCountry "SLO"]

1. e4 c5 2. c4 Nc6 3. g3 g6 4. Bg2 Bg7 5. Ne2 Nf6 6. 0-0 d6 7. Nbc3 0-0 8. d3 Bg4 9. h3 Bd7 10. f4 e6 11. g4 Qe7 12. Ng3 Nd4 13. Nce2 Bc6 14. Nxd4 cxd4 15. b4 a6 16. f5 exf5 17. exf5 Nd7 18. Be4 Ne5 19. Qe1 Rae8 20. Bf4 Qh4 21. f6 Bxf6 22. Bxc6 Nxd3 23. Bxe8 Nxe1 24. Raxe1 Be5 0-1

[Event "SLO-chT 31st"]
[Site "Ljubljana"]
[Date "2021.09.10"]
[Round "1.1"]
[White "Marinsek, Tomaz"]
[Black "Racnik, Tone"]
[Result "1-0"]
[WhiteElo "2108"]
[BlackElo "1944"]
[PlyCount "61"]
[EventDate "2021.09.10"]
[EventType "team-tourn"]
[EventRounds "9"]
[EventCountry "SLO"]
[SourceTitle "CBM 204 Extra"]
[Source "ChessBase"]
[SourceDate "2021.11.30"]
[SourceVersion "1"]
[SourceVersionDate "2021.11.30"]
[SourceQuality "1"]
[WhiteTeam "Trebnje BMP"]
[BlackTeam "Vrhnika"]
[WhiteTeamCountry "SLO"]
[BlackTeamCountry "SLO"]

1. e4 d6 2. d4 Nf6 3. Nc3 g6 4. Nf3 Bg7 5. Be2 0-0 6. Bg5 h6 7. Bh4 g5 8. Bg3 Nh5 9. Bc4 Nc6 10. Nxg5 Nxg3 11. hxg3 e5 12. Nf3 exd4 13. Nd5 Na5 14. Bd3 c5 15. b3 Re8 16. Qd2 f5 17. Rh4 c4 18. bxc4 fxe4 19. Rxe4 Rxe4+ 20. Bxe4 Nxc4 21. Qd3 Qa5+ 22. Kf1 Qc5 23. Ne7+ Kf7 24. Bd5+ Kxe7 25. Bxc4 Bf5 26. Qb3 b6 27. Re1+ Kf8 28. Nh4 Rc8 29. Nxf5 Qxf5 30. Be6 Qxc2 31. Qf3+ 1-0

[Event "Nova Gorica op 25th"]
[Site "Nova Gorica"]
[Date "2020.01.30"]
[Round "9"]
[White "Racnik, Tone"]
[Black "Guid, Taja"]
[Result "1/2-1/2"]
[WhiteElo "1953"]
[BlackElo "1641"]
[PlyCount "98"]
[EventDate "2020.01.24"]
[EventType "swiss"]
[EventRounds "9"]
[EventCountry "SLO"]
[SourceTitle "CBM 194"]
[Source "ChessBase"]
[SourceDate "2020.01.27"]
[SourceVersion "1"]
[SourceVersionDate "2020.01.27"]
[SourceQuality "1"]

1. e4 c5 2. c4 Nc6 3. Ne2 e6 4. Nbc3 Nf6 5. d4 cxd4 6. Nxd4 Bb4 7. Nxc6 bxc6 8. Bd3 e5 9. 0-0 0-0 10. Bg5 h6 11. Bh4 Bxc3 12. bxc3 d6 13. Qa4 Bd7 14. Qa3 Qe7 15. Rad1 g5 16. Bg3 Nh5 17. Be2 Nxg3 18. hxg3 c5 19. Qa6 Rfb8 20. Qxd6 Qxd6 21. Rxd6 Be6 22. Rfd1 Rb2 23. R6d2 Rab8 24. f3 Rxd2 25. Rxd2 Rb1+ 26. Kf2 Rc1 27. a4 Rxc3 28. Rd8+ Kg7 29. Ra8 Bxc4 30. Bxc4 Rxc4 31. Rxa7 Rc2+ 32. Kg1 Rc1+ 33. Kh2 c4 34. Rc7 c3 35. a5 c2 36. a6 Ra1 37. Rxc2 Rxa6 38. Rc5 Re6 39. Kh3 Kg6 40. g4 Kg7 41. Kg3 Kg6 42. Kf2 Kf6 43. Ke3 Rd6 44. Rc2 Ke6 45. Rc3 Kd7 46. Rd3 Ke6 47. Ra3 Kf6 48. Ra8 Kg7 49. Ra2 Kf6 1/2-1/2

[Event "Nova Gorica op 25th"]
[Site "Nova Gorica"]
[Date "2020.01.24"]
[Round "1"]
[White "Racnik, Tone"]
[Black "Brank, Ziga"]
[Result "1-0"]
[WhiteElo "1953"]
[BlackElo "1696"]
[PlyCount "89"]
[EventDate "2020.01.24"]
[EventType "swiss"]
[EventRounds "9"]
[EventCountry "SLO"]
[SourceTitle "CBM 194"]
[Source "ChessBase"]
[SourceDate "2020.01.27"]
[SourceVersion "1"]
[SourceVersionDate "2020.01.27"]
[SourceQuality "1"]

1. e4 c5 2. c4 Nc6 3. Ne2 e5 4. Nbc3 d6 5. d3 g6 6. a3 a5 7. Nd5 Bg7 8. b4 axb4 9. a4 h6 10. Bb2 Nf6 11. h4 0-0 12. f3 Nxd5 13. exd5 Nd4 14. Nxd4 exd4 15. Bc1 Kh7 16. Be2 Bd7 17. g4 Qe8 18. a5 Qd8 19. Bf4 Be5 20. Qd2 Bxf4 21. Qxf4 Qe7 22. Kf2 Qe5 23. Qxe5 dxe5 24. Rhe1 Ra6 25. f4 f6 26. Bf3 Re8 27. fxe5 fxe5 28. Kg3 Rf6 29. Re4 Ref8 30. Be2 Re8 31. Bf3 g5 32. hxg5 hxg5 33. Rae1 Ref8 34. Bd1 Rf1 35. Rxe5 Rxe1 36. Rxe1 Rf7 37. Bf3 Ba4 38. Re6 Bc2 39. Be4+ Kg8 40. Rb6 b3 41. d6 Kf8 42. Bxb7 b2 43. Rxb2 Bxd3 44. a6 Rf1 45. Rf2+ 1-0

[Event "Nova Gorica op 24th"]
[Site "Nova Gorica"]
[Date "2019.01.31"]
[Round "9"]
[White "Marinsek, Denis"]
[Black "Racnik, Tone"]
[Result "1/2-1/2"]
[WhiteElo "1855"]
[BlackElo "1984"]
[PlyCount "100"]
[EventDate "2019.01.25"]
[EventType "swiss"]
[EventRounds "9"]
[EventCountry "SLO"]
[SourceTitle "CBM 188 Extra"]
[Source "ChessBase"]
[SourceDate "2019.02.26"]
[SourceVersion "1"]
[SourceVersionDate "2019.02.26"]
[SourceQuality "1"]

1. d4 Nf6 2. c4 g6 3. Nc3 Bg7 4. e4 d6 5. Nf3 0-0 6. h3 Nc6 7. Be3 e5 8. d5 Ne7 9. Bd3 Nh5 10. 0-0 Nf4 11. c5 h6 12. Rc1 f5 13. cxd6 cxd6 14. Bb1 g5 15. Nb5 b6 16. Kh2 g4 17. Bxf4 exf4 18. Nfd4 a6 19. Nc7 Rb8 20. Nce6 Bxe6 21. Nxe6 Qe8 22. Nxf8 Qxf8 23. exf5 gxh3 24. gxh3 Bxb2 25. Rg1+ Kh8 26. Rc7 Rc8 27. Rxc8 Qxc8 28. Qh5 Qf8 29. Be4 b5 30. Rg4 Bf6 31. Kh1 Ng8 32. Rg1 a5 33. Qe2 Qe8 34. Bd3 Qxe2 35. Bxe2 b4 36. Bd3 Ne7 37. Be4 a4 38. Rb1 Bc3 39. Kg2 Kg7 40. Kf3 a3 41. Kxf4 Bb2 42. Bc2 Nxd5+ 43. Kf3 Kf6 44. Rd1 Ke5 45. Kg4 Nf6+ 46. Kf3 d5 47. Re1+ Kd4 48. Bb3 Kc5 49. Re6 Bc3 50. Ke2 h5 1/2-1/2

[Event "Nova Gorica op 24th"]
[Site "Nova Gorica"]
[Date "2019.01.29"]
[Round "7"]
[White "Gratton, Damjan"]
[Black "Racnik, Tone"]
[Result "0-1"]
[WhiteElo "1684"]
[BlackElo "1984"]
[PlyCount "70"]
[EventDate "2019.01.25"]
[EventType "swiss"]
[EventRounds "9"]
[EventCountry "SLO"]
[SourceTitle "CBM 188 Extra"]
[Source "ChessBase"]
[SourceDate "2019.02.26"]
[SourceVersion "1"]
[SourceVersionDate "2019.02.26"]
[SourceQuality "1"]

1. e4 d6 2. d4 Nf6 3. Nc3 g6 4. Nf3 Bg7 5. Bc4 0-0 6. 0-0 Nxe4 7. Nxe4 d5 8. Bd3 dxe4 9. Bxe4 c6 10. c3 Nd7 11. Bd3 Nb6 12. Bg5 Re8 13. Re1 Qc7 14. a4 a5 15. h3 Be6 16. b3 Rad8 17. Bc2 Bd5 18. Qe2 f6 19. Be3 Bf7 20. c4 Nd7 21. Rad1 e5 22. dxe5 Nxe5 23. Nxe5 Rxe5 24. Qg4 Rde8 25. Rd7 Qc8 26. Rdd1 f5 27. Qh4 R5e6 28. Kf1 Bc3 29. Re2 Qc7 30. g3 c5 31. Rd3 Qc6 32. Kg1 Re4 33. Qg5 Bf6 34. Qh6 Bg7 35. Qg5 h6 0-1

[Event "Nova Gorica op 24th"]
[Site "Nova Gorica"]
[Date "2019.01.26"]
[Round "3"]
[White "Subelj, Jan"]
[Black "Racnik, Tone"]
[Result "1-0"]
[WhiteElo "2409"]
[BlackElo "1984"]
[PlyCount "55"]
[EventDate "2019.01.25"]
[EventType "swiss"]
[EventRounds "9"]
[EventCountry "SLO"]
[SourceTitle "CBM 188 Extra"]
[Source "ChessBase"]
[SourceDate "2019.02.26"]
[SourceVersion "1"]
[SourceVersionDate "2019.02.26"]
[SourceQuality "1"]

1. e4 d6 2. d4 Nf6 3. Nc3 g6 4. Nf3 Bg7 5. Be3 0-0 6. h3 Nfd7 7. Qd2 e5 8. Bh6 exd4 9. Bxg7 Kxg7 10. Qxd4+ f6 11. 0-0-0 Nc6 12. Qd2 Nde5 13. Be2 Be6 14. h4 h5 15. Nd5 Bxd5 16. exd5 Nxf3 17. gxf3 Ne7 18. Rdg1 Qd7 19. f4 Rh8 20. Kb1 Kf7 21. Bf1 f5 22. Rh3 c5 23. Re3 a6 24. Re6 b5 25. c4 b4 26. b3 Rh6 27. Bd3 Ng8 28. Qb2 1-0

[Event "Nova Gorica op 24th"]
[Site "Nova Gorica"]
[Date "2019.01.25"]
[Round "1"]
[White "Paternoster, Janez"]
[Black "Racnik, Tone"]
[Result "1-0"]
[WhiteElo "1738"]
[BlackElo "1984"]
[PlyCount "113"]
[EventDate "2019.01.25"]
[EventType "swiss"]
[EventRounds "9"]
[EventCountry "SLO"]
[SourceTitle "CBM 188 Extra"]
[Source "ChessBase"]
[SourceDate "2019.02.26"]
[SourceVersion "1"]
[SourceVersionDate "2019.02.26"]
[SourceQuality "1"]

1. d4 Nf6 2. c4 g6 3. Nc3 Bg7 4. e4 d6 5. f3 0-0 6. Bg5 h6 7. Be3 e5 8. d5 c6 9. Qd2 cxd5 10. cxd5 h5 11. Bd3 Na6 12. Nge2 Nc7 13. 0-0 Bd7 14. b4 Qe8 15. a4 Nh7 16. b5 f5 17. Qc2 f4 18. Bxa7 Rxa7 19. b6 Ra5 20. bxc7 Rc5 21. Qb3 Qc8 22. Rab1 Rxc7 23. Nb5 Bxb5 24. Qxb5 Rff7 25. Rfc1 Nf6 26. Qb6 Bf8 27. a5 g5 28. a6 bxa6 29. Rc6 g4 30. Bxa6 Qd7 31. Rbc1 Ne8 32. Nc3 Qe7 33. Bc8 Rg7 34. fxg4 hxg4 35. Nb5 Rxc6 36. dxc6 g3 37. h3 Nc7 38. Nxc7 Qxc7 39. Qxc7 Rxc7 40. Bd7 Be7 41. Rb1 Kf7 42. Kf1 Bd8 43. Ke2 Ra7 44. Rb2 Ke7 45. Kf3 Bc7 46. Kg4 Ra1 47. Kg5 Rf1 48. Bg4 Rc1 49. Bd7 Rf1 50. Bc8 Rf2 51. Rxf2 gxf2 52. Ba6 Bb6 53. Kg6 Kd8 54. h4 Kc7 55. h5 Kxc6 56. h6 d5 57. exd5+ 1-0

[Event "SLO-chT 28th"]
[Site "Slovenia"]
[Date "2018.12.15"]
[Round "8.2"]
[White "Titan, Matej"]
[Black "Racnik, Tone"]
[Result "1-0"]
[WhiteElo "2221"]
[BlackElo "2011"]
[PlyCount "125"]
[EventDate "2018.11.02"]
[EventType "team-tourn"]
[EventRounds "9"]
[EventCountry "SLO"]
[SourceTitle "CBM 187 Extra"]
[Source "ChessBase"]
[SourceDate "2018.11.04"]
[SourceVersion "1"]
[SourceVersionDate "2018.11.04"]
[SourceQuality "1"]
[WhiteTeam "Pomgrad Radenska"]
[BlackTeam "Vrhnika"]
[WhiteTeamCountry "SLO"]
[BlackTeamCountry "SLO"]

1. d4 Nf6 2. c4 g6 3. g3 Bg7 4. Bg2 0-0 5. Nc3 d6 6. Nf3 Nc6 7. 0-0 e5 8. d5 Ne7 9. c5 Nh5 10. cxd6 cxd6 11. Qb3 h6 12. a4 f5 13. Nd2 Nf6 14. Nc4 Ne8 15. a5 g5 16. Qa3 Ng6 17. Be3 Rf6 18. Rac1 Bf8 19. Nb5 Bd7 20. Qb4 f4 21. Bd2 Bf5 22. Nc3 Rf7 23. Ne4 Qd7 24. Na3 Bh3 25. Qb5 Qf5 26. Qd3 Bxg2 27. Kxg2 g4 28. f3 gxf3+ 29. exf3 Rg7 30. g4 Qd7 31. Kh1 Nh8 32. Rg1 Nf7 33. Nb5 Be7 34. Rg2 Ng5 35. Nbc3 Rc8 36. Nxg5 hxg5 37. Ne4 Bd8 38. Rgg1 Rxc1 39. Rxc1 Nc7 40. Bb4 Nb5 41. a6 Be7 42. Qc4 bxa6 43. Kg2 Kf7 44. Qc6 Qxc6 45. Rxc6 a5 46. Bxa5 Rg8 47. Bb4 Rd8 48. Ra6 Ke8 49. Nc3 Nxc3 50. bxc3 Rd7 51. Kf2 Kd8 52. Ke2 Kc8 53. Kd3 Kb7 54. Ra2 Rc7 55. Ke4 Kc8 56. Kf5 Kd7 57. Ra6 Rb7 58. h4 gxh4 59. g5 h3 60. Ra2 Bd8 61. g6 Ke7 62. Rh2 a5 63. Rxh3 1-0

[Event "SLO-chT 28th"]
[Site "Slovenia"]
[Date "2018.11.04"]
[Round "3.4"]
[White "Krivec, Jana"]
[Black "Racnik, Tone"]
[Result "1-0"]
[WhiteElo "2192"]
[BlackElo "2011"]
[PlyCount "87"]
[EventDate "2018.11.02"]
[EventType "team-tourn"]
[EventRounds "9"]
[EventCountry "SLO"]
[SourceTitle "CBM 187 Extra"]
[Source "ChessBase"]
[SourceDate "2018.11.04"]
[SourceVersion "1"]
[SourceVersionDate "2018.11.04"]
[SourceQuality "1"]
[WhiteTeam "Krsko Triglav"]
[BlackTeam "Vrhnika"]
[WhiteTeamCountry "SLO"]
[BlackTeamCountry "SLO"]

1. e4 d6 2. Nc3 Nf6 3. f4 g6 4. Nf3 Bg7 5. Bc4 0-0 6. d3 Nc6 7. 0-0 Na5 8. Bb3 Nxb3 9. axb3 c6 10. Qe1 e5 11. f5 h6 12. Kh1 g5 13. h4 g4 14. Nh2 h5 15. Bg5 Qc7 16. Ne2 Ne8 17. f6 Bh8 18. Bh6 Bxf6 19. Bxf8 Kxf8 20. Qd2 Qd8 21. Qh6+ Kg8 22. g3 d5 23. Qxh5 dxe4 24. Nxg4 Ng7 25. Nxf6+ Qxf6 26. Qh8+ Kxh8 27. Rxf6 exd3 28. cxd3 Be6 29. d4 e4 30. b4 Ne8 31. Rf4 Nd6 32. Nc3 f5 33. Kh2 a6 34. g4 fxg4 35. Nxe4 Nf5 36. Nc5 g3+ 37. Kg1 Ng7 38. Nxe6 Nxe6 39. Re4 Ng7 40. Kg2 Nf5 41. Rf1 Rf8 42. Rf3 Kg7 43. Ref4 Ne3+ 44. Kxg3 1-0

[Event "Nova Gorica op 23rd"]
[Site "Nova Gorica"]
[Date "2018.01.29"]
[Round "6"]
[White "Jelen, Igor"]
[Black "Racnik, Tone"]
[Result "1-0"]
[WhiteElo "2374"]
[BlackElo "2003"]
[PlyCount "65"]
[EventDate "2018.01.26"]
[EventType "swiss"]
[EventRounds "9"]
[EventCountry "SLO"]
[SourceTitle "CBM 182 Extra"]
[Source "ChessBase"]
[SourceDate "2018.02.23"]
[SourceVersion "1"]
[SourceVersionDate "2018.02.23"]
[SourceQuality "1"]

1. d4 Nf6 2. c4 e5 3. dxe5 Ng4 4. Bf4 Nc6 5. Nf3 Bb4+ 6. Nbd2 Qe7 7. e3 Ngxe5 8. Nxe5 Nxe5 9. Be2 Bxd2+ 10. Qxd2 d6 11. Qd4 0-0 12. c5 f6 13. cxd6 cxd6 14. 0-0 Be6 15. Rfd1 Rfd8 16. b3 Nc6 17. Qb2 d5 18. Rd2 Rac8 19. Rad1 Rd7 20. Bf3 Rcd8 21. h3 Qf7 22. b4 g5 23. Bg3 h5 24. h4 gxh4 25. Bxh4 Ne5 26. Be2 Rc8 27. Qd4 Rdc7 28. Qf4 Nd7 29. Qh6 Rc1 30. Bxh5 Rxd1+ 31. Rxd1 Qh7 32. Qxh7+ Kxh7 33. Bf3 1-0

[Event "Nova Gorica op 23rd"]
[Site "Nova Gorica"]
[Date "2018.01.28"]
[Round "4"]
[White "Dobrovoljc, Vid"]
[Black "Racnik, Tone"]
[Result "1/2-1/2"]
[WhiteElo "2286"]
[BlackElo "2003"]
[PlyCount "93"]
[EventDate "2018.01.26"]
[EventType "swiss"]
[EventRounds "9"]
[EventCountry "SLO"]
[SourceTitle "CBM 182 Extra"]
[Source "ChessBase"]
[SourceDate "2018.02.23"]
[SourceVersion "1"]
[SourceVersionDate "2018.02.23"]
[SourceQuality "1"]

1. e4 d6 2. d4 Nf6 3. Nc3 g6 4. f4 Bg7 5. Nf3 0-0 6. Bd3 Nc6 7. e5 dxe5 8. fxe5 Nh5 9. Be3 Bg4 10. Bc4 Kh8 11. Qd2 f6 12. e6 Bxf3 13. gxf3 f5 14. 0-0-0 a6 15. d5 Ne5 16. Be2 b5 17. f4 Nc4 18. Bxc4 bxc4 19. Bd4 Qd6 20. Bxg7+ Kxg7 21. Qd4+ Kg8 22. Rhf1 Rab8 23. a3 Qb6 24. Na4 Qb5 25. Nc5 Nf6 26. h4 Rfd8 27. Nd7 Nxd7 28. exd7 Qb6 29. h5 Qxd4 30. Rxd4 Rxd7 31. Rxc4 Rb5 32. hxg6 hxg6 33. Rc6 Rb6 34. Rxb6 cxb6 35. Rd1 Kf7 36. c4 Kf6 37. Kc2 g5 38. fxg5+ Kxg5 39. b4 f4 40. c5 bxc5 41. bxc5 Rc7 42. c6 e6 43. Kc3 exd5 44. Rxd5+ Kf6 45. Rc5 Ke6 46. Kd4 Kd6 47. Rf5 1/2-1/2

[Event "Nova Gorica op 23rd"]
[Site "Nova Gorica"]
[Date "2018.01.28"]
[Round "5"]
[White "Racnik, Tone"]
[Black "Gajic, Mladen"]
[Result "0-1"]
[WhiteElo "2003"]
[BlackElo "2312"]
[PlyCount "82"]
[EventDate "2018.01.26"]
[EventType "swiss"]
[EventRounds "9"]
[EventCountry "SLO"]
[SourceTitle "CBM 182 Extra"]
[Source "ChessBase"]
[SourceDate "2018.02.23"]
[SourceVersion "1"]
[SourceVersionDate "2018.02.23"]
[SourceQuality "1"]

1. e4 Nf6 2. Nc3 d5 3. exd5 Nxd5 4. Bc4 c6 5. d4 Bf5 6. Nxd5 cxd5 7. Bd3 Qd7 8. Nf3 Nc6 9. c3 Bg4 10. Be2 f6 11. 0-0 e6 12. Re1 Bd6 13. Nd2 Bf5 14. Bg4 0-0-0 15. Bxf5 exf5 16. b4 Kb8 17. Nb3 Qc7 18. h3 g5 19. Qf3 Ne7 20. Nc5 Bxc5 21. bxc5 f4 22. Ba3 h5 23. Qe2 Ng6 24. Qe6 g4 25. Qxf6 Rhg8 26. h4 g3 27. fxg3 Rdf8 28. Qd6 fxg3 29. Qxc7+ Kxc7 30. c6 Rf2 31. Rf1 Nxh4 32. Rxf2 gxf2+ 33. Kxf2 Rxg2+ 34. Ke3 Kxc6 35. Bb4 Nf5+ 36. Kf3 Rb2 37. Ba3 Rc2 38. Bb4 b6 39. Kf4 Rf2+ 40. Ke5 a5 41. Bf8 Ne3 0-1

[Event "Nova Gorica op 23rd"]
[Site "Nova Gorica"]
[Date "2018.01.26"]
[Round "1"]
[White "Racnik, Tone"]
[Black "Zamar Kodelja, Jurij"]
[Result "0-1"]
[WhiteElo "2003"]
[BlackElo "2230"]
[PlyCount "56"]
[EventDate "2018.01.26"]
[EventType "swiss"]
[EventRounds "9"]
[EventCountry "SLO"]
[SourceTitle "CBM 182 Extra"]
[Source "ChessBase"]
[SourceDate "2018.02.23"]
[SourceVersion "1"]
[SourceVersionDate "2018.02.23"]
[SourceQuality "1"]

1. e4 c5 2. c4 Nc6 3. g3 g6 4. Bg2 Bg7 5. Nc3 d6 6. Nge2 Nf6 7. 0-0 0-0 8. d3 Bd7 9. h3 Rb8 10. Bd2 a6 11. Rb1 b5 12. Nd5 Ne8 13. Bc3 Nd4 14. Nxd4 cxd4 15. Bd2 e6 16. Nb4 Qb6 17. b3 Nc7 18. f4 f5 19. Kh2 a5 20. Nc2 Na6 21. b4 bxc4 22. bxa5 Qc5 23. dxc4 Ba4 24. Qc1 Rxb1 25. Qxb1 Rb8 26. Qc1 Qxc4 27. Na3 Qxa2 28. Nc4 Rc8 0-1